000 01323nam0a22002891 4500
001 rc\4400101
005 20250611170018.0
021 _aRU
_bРг9109-64
035 _a(NLR Aleph) 008298066
090 _a8618313
_c8618313
100 _a20130416d1964 |||y0rusy50 ca
101 0 _arus
102 _aRU
105 _aa z |||||
200 1 _aМеханизация отделочных работ в ПНР
_fМеждунар. выставка строит. дор. машин и средств механизации строит.-монтажных работ. Симпозиум. Москва. 1964
210 _aМосква
_cВнешторгиздат
_d1964
215 _a[1], 15 с.
_cил.
_d21
300 _aОтпеч. множит. аппаратом
300 _aНа 1-й с. текста сост.: инж. К. Дзвонковски
700 1 _aДзвонковский
_bК.
_gКазимеж
_4220
711 1 2 _5z
_aМеждународная выставка строительных и дорожных машин и средств механизации строительно-монтажных работ
_eМосква
_f1964
_9717080
_3RU\NLR\AUTH\880527721
801 0 _aRU
_bNLR
_gpsbo
801 1 _aRU
_bELAR
_2rusmarc
852 _aNLR
_j64-6/14090
942 _cBOOK
980 _aNB